书目信息 |
| 题名: |
神秘希腊雅典·爱琴海
|
|
| 作者: | 庄馨云 著 ;庄馨云 摄影 | |
| 分册: | ||
| 出版信息: | 北京 经济日报出版社 2003.01 |
|
| 页数: | 207页 | |
| 开本: | 21cm | |
| 丛书名: | 眼睛想旅行 | |
| 单 册: | ||
| 中图分类: | K954.59 | |
| 科图分类: | ||
| 主题词: | 旅游指南--雅典 , 旅游指南--爱琴海 | |
| 电子资源: | ||
| ISBN: | 7-80127-828-3 | |
| 000 | 00814nam2 2200253 45 | |
| 005 | 20041013163123.70 | |
| 010 | @a7-80127-828-3@dCNY 25.80 | |
| 100 | @a20030112d2003 ekmy0chiy0121 ea | |
| 101 | 0 | @achi |
| 102 | @aCN@b110000 | |
| 105 | @aa z 001yy | |
| 200 | 1 | @a神秘希腊雅典·爱琴海@Ashen mi xi la ya dian · ai qin hai@dArhens and the islands of Aegean sea@f庄馨云著@g庄馨云摄影 |
| 210 | @a北京@c经济日报出版社@d2003.01 | |
| 215 | @a207页@c图@d21cm | |
| 225 | 2 | @a眼睛想旅行@v02 |
| 410 | 0 | @12001 @a眼睛想旅行 |
| 510 | 1 | @aArhens and the islands of Aegean sea@zeng |
| 606 | 0 | @a旅游指南@y雅典 |
| 606 | 0 | @a旅游指南@y爱琴海 |
| 690 | @aK954.59@v4 | |
| 701 | 0 | @a庄馨云@Azhuang xin yun@4著 |
| 702 | 0 | @a庄馨云@Azhuang xin yun@4摄影 |
| 801 | 0 | @aCN@bQSSK1@c20041013 |
| 905 | @a10447@dK954.59@eZ930 | |
| 神秘希腊雅典·爱琴海=Arhens and the islands of Aegean sea/庄馨云著/庄馨云摄影.-北京:经济日报出版社,2003.01 |
| 207页:图;21cm.-(眼睛想旅行;02) |
| ISBN 7-80127-828-3:CNY 25.80 |
| ● |
| 相关链接 |
|
|
|
正题名:神秘希腊雅典·爱琴海
索取号:K954.59/Z930
 
预约/预借
| 序号 | 登录号 | 条形码 | 馆藏地/架位号 | 状态 | 备注 |
| 1 | 420217 | 204202175 | 社科库309/309社科库 28排2列2层/ [索取号:K954.59/Z930] | 在馆 | |
| 2 | 420218 | 204202184 | 社科库309/309社科库 28排2列2层/ [索取号:K954.59/Z930] | 在馆 |